000 00543nam a2200193Ia 4500
003 GCL
008 140319s9999 xx 000 0 ara d
040 _aGCL /
_cGCL
082 0 4 _a812.9
_bم م
100 1 _aمحمد مندور
245 1 0 _aمسرحيات شوقى /
_cمحمد مندور
260 _a[S.N] :
_bنهضة مصر للطباعة والنشر والتوزيع
300 _a102 ص
490 _a
650 0 4 _aالشعر العربى
650 0 4 _aالمسرحيات
650 0 4 _aتاريخ ونقد
942 _2ddc
_cBK
999 _c31884
_d31884